000 01563pam a2200361 a 4500
999 _c29495
_d29495
001 15152700
005 20180109103703.0
008 080124s2007 enka b 001 0 eng
010 _a 2008295737
015 _aGBA759825
_2bnb
016 7 _a013805583
_2Uk
020 _a9780521871273 (cased)
020 _a0521871271 (cased)
020 _a9780521691819 (pbk.)
020 _a0521691818 (pbk.)
035 _a(OCoLC)ocn163320736
040 _aUKM
_cUKM
_dDLC
050 0 0 _aP 120. V37S643 2007
245 0 0 _aSociolinguistic variation :
_btheories, methods, and applications /
_c[edited by] Robert Bayley, Ceil Lucas.
260 _aCambridge ;
_aNew York :
_bCambridge University Press,
_c2007.
300 _axvi, 405 p. :
_bill. ;
_c25 cm.
504 _aIncludes bibliographical references (p. 354-392) and index.
650 0 _aLanguage and languages
_xVariation.
650 0 _aSociolinguistics.
700 1 _aBayley, Robert,
_d1943-
700 1 _aLucas, Ceil.
942 _2lcc
_cBOOKS
_hP 120. V37S643 2007